| 000 | 00736nas a2200265 4500 | ||
|---|---|---|---|
| 001 | BR9103850 | ||
| 003 | BR-BrBNA | ||
| 005 | 20231205092141.0 | ||
| 007 | ta | ||
| 008 | 230509b bl.|||p| |||| 00| 00por d | ||
| 040 |
_aBR-BrBNA _bpor _cBiblioteca Nacional de Agricultura |
||
| 041 | _a(Pt) | ||
| 072 | _aM12 | ||
| 100 | 1 | _aTabata, X.A. | |
| 245 | 1 | _aRoteiro basico para criacao de trutas | |
| 650 | _aPISCICULTURA | ||
| 650 | _aTRUTA | ||
| 650 | _aCRIACAO | ||
| 650 | _aARRACOAMENTO | ||
| 650 | _aNUTRICAO ANIMAL | ||
| 650 | _aREPRODUCAO ANIMAL | ||
| 773 | 0 |
_tCasa da Agricultura (Brazil) _xISSN 0100-6541 _g(Sep-Dec 1989), v. 11(4) p.36-39 _wBR9103850 |
|
| 909 |
_a202311 _bLúcia _c55 _dLúcia Elande |
||
| 942 |
_2AGRIS _n0 _cANA |
||
| 999 |
_c129685 _d129685 |
||